Histoire de la nouvelle francaise aux XVII et XVIII siecle
Đã lưu trong:
| Tác giả chính: | |
|---|---|
| Định dạng: | Sách |
| Ngôn ngữ: | Undetermined |
| Được phát hành: |
Génova, Italia
Librairie Droz
1970
|
| Những chủ đề: | |
| Các nhãn: |
Thêm thẻ
Không có thẻ, Là người đầu tiên thẻ bản ghi này!
|
MARC
| LEADER | 00000nam a2200000Ia 4500 | ||
|---|---|---|---|
| 008 | 170316s9999 xx 000 0 und d | ||
| 040 | |a cru BVZT | ||
| 090 | |a H-840 G-1h | ||
| 100 | |a Godenne, René | ||
| 245 | |a Histoire de la nouvelle francaise aux XVII et XVIII siecle | ||
| 260 | |a Génova, Italia | ||
| 260 | |b Librairie Droz | ||
| 260 | |c 1970 | ||
| 300 | |a 382 páginas | ||
| 650 | |a LITERATURA FRANCESA | ||
| 999 | |c 13613 |d 13613 | ||
| 942 | |c 15 D |h H-840 G-1h |2 z | ||
